000 00881nas a2200265 4500
001 BR7800859
003 BR-BrBNA
005 20231205083331.0
007 ta
008 230509b bl.|||p| |||| 00| 00por d
040 _aBR-BrBNA
_bpor
_cBiblioteca Nacional de Agricultura
041 _a(Pt)
072 _aH20
100 1 _aKurozawa, C.
100 1 _aBalmer, E.
245 1 _aComportamento de cultivares nacionais, importados e de especies selvagens de tomateiro em relacao a Septoria bycopersia Speg. [Lycopersicum esculentum, septoriose]
650 _aDOENCA DE PLANTA
650 _aTOMATE
650 _aSEPTORIOSE
650 _aVARIEDADE RESISTENTE
650 _aCOMPORTAMENTO DE VARIEDADE
773 0 _tSumma Phytopathologica (Brazil)
_xISSN 0100-5405
_g(Apr 1977), v. 3(2) p. 135-141
_wBR7800859
909 _a202311
_bLúcia
_c55
_dLúcia Elande
942 _2AGRIS
_n0
_cANA
999 _c98049
_d98049